[Event "Kaluga Tsiolkovsky Memorial op"]
[Site "Kaluga"]
[Date "2016.08.13"]
[Round "7"]
[White "Trusov, Boris"]
[Black "Evlakhin, Igor"]
[Result "0-1"]
[WhiteElo "1851"]
[BlackElo "1993"]
[PlyCount "103"]
[EventDate "2016.08.06"]
[EventType "swiss"]
[EventRounds "9"]
[EventCountry "RUS"]
[SourceTitle "CBM 174 Extra"]
[Source "ChessBase"]
[SourceDate "2016.10.10"]
[SourceVersion "1"]
[SourceVersionDate "2016.10.10"]
[SourceQuality "1"]

1. c4 c6 2. d4 d5 3. cxd5 cxd5 4. g3 Nf6 5. Bg2 e6 6. e3 Be7 7. Ne2 0-0 8. 0-0 Nc6 9. Nbc3 Bd7 10. Nf4 Rc8 11. Qe2 a6 12. Rd1 Na5 13. Nd3 Nc4 14. Bd2 b5 15. b3 b4 16. Nb1 Nxd2 17. Nxd2 Bb5 18. f3 Rc3 19. Nb1 Rc6 20. Qd2 Bxd3 21. Qxd3 Qb6 22. Bf1 Rfc8 23. Kf2 h6 24. Be2 Bd6 25. a3 bxa3 26. Nxa3 e5 27. Nb1 a5 28. Qb5 exd4 29. exd4 Bb4 30. Qxb6 Rxb6 31. Bd3 Kf8 32. Ra2 Ne8 33. Rc2 Rbc6 34. Rxc6 Rxc6 35. Ke3 Nc7 36. Bf5 g6 37. Bd7 Rc2 38. Nd2 Ke7 39. Ba4 Ne6 40. Nf1 Ba3 41. Kd3 Rf2 42. Ke3 Rg2 43. Bc6 Kd6 44. Be8 Nd8 45. Rd2 Bc1 46. Kd3 Bxd2 47. Nxd2 Rxh2 48. Ke3 Ke7 49. Bb5 Ne6 50. Bc6 Nxd4 51. Kxd4 Rxd2+ 52. Ke5 0-1

[Event "Kaluga Tsiolkovsky Memorial op"]
[Site "Kaluga"]
[Date "2016.08.10"]
[Round "5"]
[White "Zaitsev, Aleksey Vik"]
[Black "Evlakhin, Igor"]
[Result "1-0"]
[WhiteElo "1832"]
[BlackElo "1993"]
[PlyCount "69"]
[EventDate "2016.08.06"]
[EventType "swiss"]
[EventRounds "9"]
[EventCountry "RUS"]
[SourceTitle "CBM 174 Extra"]
[Source "ChessBase"]
[SourceDate "2016.10.10"]
[SourceVersion "1"]
[SourceVersionDate "2016.10.10"]
[SourceQuality "1"]

1. d4 c5 2. d5 Nf6 3. c4 b5 4. Nd2 bxc4 5. e4 d6 6. Bxc4 g6 7. Ngf3 Bg7 8. 0-0 0-0 9. Qc2 Nbd7 10. Rb1 Nb6 11. Be2 Bg4 12. b3 e6 13. dxe6 fxe6 14. h3 Bxf3 15. Nxf3 Nfd7 16. Rd1 Ne5 17. Nxe5 Bxe5 18. Bb2 Qh4 19. Bg4 Qf6 20. Rxd6 Bxd6 21. Bxf6 Rxf6 22. Rd1 e5 23. h4 h5 24. Be2 Kg7 25. Qc3 Rc8 26. f4 Bb8 27. f5 gxf5 28. Bxh5 f4 29. a4 c4 30. Qh3 a5 31. bxc4 Ba7 32. Kh2 Rfc6 33. Qg4+ Kh8 34. Qf5 Bb8 35. Bg6 1-0

[Event "Kaluga Tsiolkovsky Memorial op"]
[Site "Kaluga"]
[Date "2014.08.06"]
[Round "5"]
[White "Provotorov, Alexandr P"]
[Black "Evlakhin, Igor"]
[Result "1-0"]
[WhiteElo "2345"]
[BlackElo "2016"]
[PlyCount "75"]
[EventDate "2014.08.02"]
[EventType "swiss"]
[EventRounds "8"]
[EventCountry "RUS"]
[SourceTitle "EXT 2023"]
[Source "ChessBase"]
[SourceDate "2022.10.05"]
[SourceVersion "1"]
[SourceVersionDate "2022.10.05"]
[SourceQuality "1"]

1. e4 c6 2. d4 d5 3. exd5 cxd5 4. c4 Nf6 5. Nc3 g6 6. Qb3 Bg7 7. cxd5 0-0 8. Be2 Ne8 9. Nf3 Nd6 10. 0-0 Nd7 11. Re1 Nf6 12. Bf4 a6 13. h3 Nh5 14. Be5 f6 15. Bh2 Bh6 16. Na4 Kh8 17. Bf1 Bf4 18. g3 Bh6 19. Qb6 Qe8 20. Nc5 Qf7 21. Bg2 g5 22. Ne6 Bxe6 23. Rxe6 Rfc8 24. Rae1 Bf8 25. Nd2 Rab8 26. Ne4 Nc4 27. Qb3 Ng7 28. Nc5 Nxe6 29. dxe6 Qe8 30. Qxc4 b6 31. g4 bxc5 32. Bxb8 Rxb8 33. dxc5 Rxb2 34. c6 Qc8 35. c7 Rb6 36. Rd1 Rd6 37. Rxd6 exd6 38. Bb7 1-0